000 00427nam a2200205Ia 4500
001 13513
003 GE_BSU
008 181216s||||||||xx |||||||||||||| ||und||
020 _a0751523208
040 _cGE_BSU
080 _a821.111-3
100 _aFairstein,Linda.
245 _aGold Hit.
260 _aLondon.
260 _bWarner books.
260 _c1999
300 _a413p;18cm.
653 _aGold Hit.
942 _cBK
999 _c46672
_d46672